Who's your daddy? : and other stories /

Bibliographic Details
Main Author: Philp, Geoffrey
Format: Book
Language:English
Published: Leeds : Peepal Tree, 2009.

MARC

Tag First Indicator Second Indicator Subfields
LEADER 00000cam a2200000Ia 4500
001 in00002442721
005 20151111043922.0
008 090311s2009 enk 000 j eng d
020 |a 1845230779 
020 |a 9781845230777 
029 1 |a CDX  |b 9267490 
035 |a (OCoLC)ocn314355975 
035 |a (OCoLC)314355975 
040 |a YDXCP  |c YDXCP  |d CDX  |d TXA  |d UtOrBLW 
049 |a TXAM 
082 0 4 |a 813.54 
090 |a PR9265.9.P48  |b W56 2009 
100 1 |a Philp, Geoffrey. 
245 1 0 |a Who's your daddy? :  |b and other stories /  |c Geoffrey Philp. 
264 1 |a Leeds :  |b Peepal Tree,  |c 2009. 
300 |a 161 pages ;  |c 21 cm. 
336 |a text  |b txt  |2 rdacontent 
337 |a unmediated  |b n  |2 rdamedia 
338 |a volume  |b nc  |2 rdacarrier 
938 |a YBP Library Services  |b YANK  |n 2977597 
938 |a Coutts Information Services  |b COUT  |n 9267490  |c 7.99 GBP 
945 |a PromptCat  |b 759150 
946 |a stk 
947 |a A14839937485 
994 |a C0  |b TXA 
948 |a cataloged  |b h  |c 2009/8/19  |d c  |e nbehmer  |f 10:04:01 am 
999 |a MARS 
999 f f |s 05a37ee5-b666-3f42-ab15-b7060a4cd8db  |i c02b0758-e929-3fb0-a34d-cd30282a7f48  |t 0 
952 f f |p normal  |a Texas A&M University  |b College Station  |c Sterling C. Evans Library  |d Evans: Library Stacks  |t 0  |e PR9265.9.P48 W56 2009  |h Library of Congress classification  |i unmediated -- volume  |m A14839937485 
998 f f |a PR9265.9.P48 W56 2009  |t 0  |l Evans: Library Stacks